| 000 | 00701nam a2200217 a 4500 | ||
|---|---|---|---|
| 005 | 20210219152920.0 | ||
| 008 | 991125n 000 0 eng u | ||
| 035 | _aUPN01000067040 | ||
| 100 | 1 | _aMarsh, Herbert W. | |
| 222 | _aJOURNAL OF EDUCATIONAL PSYCHOLOGY | ||
| 245 | _aCausal ordering of academic self-concept and academic achievement : a multiwave longitudinal panel analysis | ||
| 300 | _a646-656 | ||
| 362 | _a1990 82, no. 4 | ||
| 653 | 0 | _aESTUDIANTES DEL CENTRO DE ENSE\197ANZA | |
| 653 | 0 | _aINSPECCIONES NACIONALES | |
| 653 | 0 | _aMEDICION DEL AUTOCONCEPTO | |
| 653 | 0 | _aMODELOS CAUSALES | |
| 653 | 0 | _aPROMEDIO POR PUNTOS EN EL CURSO | |
| 904 |
_aAC _b004851 |
||
| 905 | _aArticulo | ||
| 999 |
_c63780 _d63780 |
||